Detalles MARC
| 000 -LÍDER |
| Campo fijo de descripción fija |
00943nam a22002537a 4500 |
| 003 - IDENTIFICADOR DEL NÚMERO DE CONTROL |
| Campo de control |
BCEG |
| 005 - FECHA Y HORA DE LA ULTIMA TRANSACCIÓN |
| control field |
20260119143653.0 |
| 008 - ELEMENTOS DE LONGITUD FIJA -- INFORMACIÓN GENERAL |
| Campo fijo de descripción fija -- Información general |
260119k20062007mx|||||| |||| 00| 0 spa d |
| 022 ## - ISSN |
| Fuente |
14056895 |
| 040 ## - FUENTE DE CATALOGACIÓN |
| Agencia de catalogación original |
BCEG |
| Idioma de catalogación |
spa |
| Agencia que realiza la transcripción |
BCEG |
| 245 03 - TÍTULO PROPIAMENTE DICHO |
| Título |
La tempestad |
| Otra información sobre el título - Subtitulo |
: revista bimestral de artes, literatura, cine, música, arquitectura, diseño, artes visuales y escénicas |
| Designación General del Material |
[Revista]. |
| 260 ## - PUBLICACIÓN, DISTRIBUCIÓN, ETC. (PIE DE IMPRENTA) |
| Lugar de publicación, distribución, etc. |
México : |
| Nombre del editor, distribuidor, etc. |
Imágenes y Movimientos : Servicios Profesionales de Impresión, |
| Fecha de publicación, distribución, etc. |
2006-2007. |
| 300 ## - DESCRIPCIÓN FÍSICA |
| Extensión |
v. |
| Otros detalles físicos |
: il., fots. |
| 310 ## - FRECUENCIA ACTUAL DE LA PUBLICACIÓN |
| Frecuencia actual de la publicación |
Irregular. |
| 650 14 - ASIENTO SECUNDARIO DE MATERIA - TERMINO TEMÁTICO |
| Término temático o nombre geográfico como elemento de entrada |
Cultura |
| Subdivisión de forma |
Publicaciones periódicas. |
| 650 14 - ASIENTO SECUNDARIO DE MATERIA - TERMINO TEMÁTICO |
| Término temático o nombre geográfico como elemento de entrada |
Fotografía |
| Subdivisión de forma |
Publicaciones periódicas. |
| 650 14 - ASIENTO SECUNDARIO DE MATERIA - TERMINO TEMÁTICO |
| Término temático o nombre geográfico como elemento de entrada |
Arte |
| Subdivisión de forma |
Publicaciones periódicas. |
| 650 14 - ASIENTO SECUNDARIO DE MATERIA - TERMINO TEMÁTICO |
| Término temático o nombre geográfico como elemento de entrada |
Música |
| Subdivisión de forma |
Publicaciones periódicas. |
| 650 14 - ASIENTO SECUNDARIO DE MATERIA - TERMINO TEMÁTICO |
| Término temático o nombre geográfico como elemento de entrada |
Cine |
| Subdivisión de forma |
Publicaciones periódicas. |
| 650 14 - ASIENTO SECUNDARIO DE MATERIA - TERMINO TEMÁTICO |
| Término temático o nombre geográfico como elemento de entrada |
Literatura |
| Subdivisión general |
Historia y crítica |
| Subdivisión de forma |
Publicaciones periódicas. |
| 942 ## - TIPO DE MATERIAL (KOHA) |
| Tipo de Item KOHA |
Revista |